000 00513pam a2200181 a 4500
020 _a0070060029
041 _aENG
082 0 0 _a300.72
_bBAK
100 1 _aBaker, Therese L.
245 1 0 _aDoing social research
250 _a3rd ed.
260 _aBoston :
_bMcGraw-Hill College,
_cc1999.
300 _axxiii, 528 p. :
_bill. ;
650 0 _aSocial sciences
856 4 2 _uhttp://www.loc.gov/catdir/description/mh023/98003563.html
856 4 1 _uhttp://www.loc.gov/catdir/toc/mh022/98003563.html
942 _cBK
999 _c23151
_d23151